=LDR 00000nam 2200000 4500 =001 INLIS000000000000211 =005 20150227141044.0 =006 =007 =008 Ind =035 ##$$0010-061300000000211 =041 ##$$a Ind =082 ##$$a 959.800 7 =090 ##$$a 959.800 7, Sar c =100 ##$$a Sartono,S =245 ##$$a Sejarah umum dan Nasiona, S.Sartono =260 ##$$a Surakarta$bPabelan$c1996 =300 ##$$a ...Jil,151 hlm. : ilus. ; 28 cm =650 ##$$a Indonesia-Sejarah =850 ##$$a NBPNMAT